书目信息 |
| 题名: |
被欺凌与被侮辱的
|
|
| 作者: | 托思妥耶夫斯基 著 ;南江 译 | |
| 分册: | ||
| 出版信息: | 北京 人民文学出版社 1980.9 |
|
| 页数: | 485页 | |
| 开本: | 19cm | |
| 丛书名: | ||
| 单 册: | ||
| 中图分类: | I512.4 | |
| 科图分类: | ||
| 主题词: | 文学 | |
| 电子资源: | ||
| ISBN: | ||
| 000 | 00684nam0 2200229 45 | |
| 001 | 0181021663 | |
| 005 | 20060913154703.68 | |
| 010 | @dCNY1.25 | |
| 091 | @a10019.3033 | |
| 100 | @a20810111d km y0chiy0120 ea | |
| 101 | 0 | @achi |
| 105 | @a z 000ay | |
| 200 | 1 | @a被欺凌与被侮辱的@Abei qi ling yu bei ling ru@f(俄)托思妥耶夫斯基著@F(E)Tuo Si Tuo Ye Fu Si Ji Zhu@g南江译 |
| 210 | @a北京@c人民文学出版社@d1980.9 | |
| 215 | @a485页@d19cm | |
| 300 | @a陀思妥耶夫斯基选集 | |
| 606 | 0 | @a文学 |
| 690 | @aI512.4@v3 | |
| 701 | 0 | @a托思妥耶夫斯基@4著 |
| 702 | 0 | @a南江@ANan Jiang@4译 |
| 801 | @aCN@bTSTC@c20060913 | |
| 905 | @dI512.4@e110@b33714@f1@f1@b89709@f1@b33716@f1@b33711 | |
| 被欺凌与被侮辱的/(俄)托思妥耶夫斯基著/南江译.-北京:人民文学出版社,1980.9 |
| 485页;19cm |
| 陀思妥耶夫斯基选集 |
| ISBN :CNY1.25 |
| ● |
| 相关链接 |
|
|
|
|
正题名:被欺凌与被侮辱的
索取号:I512.4/110
 
预约/预借
| 序号 | 登录号 | 条形码 | 馆藏地/架位号 | 状态 | 备注 |
| 1 | 0033709 | 202242876 | 密集书库/ [索取号:I512.4/110] | 在馆 | |
| 2 | 0033710 | 001910294 | 密集书库/ [索取号:I512.4/110] | 在馆 | |
| 3 | 0033711 | 001510163 | 第二借阅区/ [索取号:I512.4/110] | 在馆 | |
| 4 | 0033713 | 001910258 | 密集书库/ [索取号:I512.4/110] | 在馆 | |
| 5 | 0033714 | 000695705 | 第二借阅区/ [索取号:I512.4/110] | 在馆 | |
| 6 | 0033715 | 202243287 | 密集书库/ [索取号:I512.4/110] | 在馆 | |
| 7 | 0033716 | 000695769 | 第二借阅区/ [索取号:I512.4/110] | 在馆 | |
| 8 | 0089708 | 202334063 | 密集书库/ [索取号:I512.4/110] | 在馆 | |
| 9 | 0089709 | 000695698 | 第二借阅区/ [索取号:I512.4/110] | 在馆 | |
| 10 | 0089710 | 000695714 | 第一样本阅览室/ [索取号:I512.4/110] | 在馆 | |
| 11 | 0428168 | 204281687 | 密集书库/ [索取号:I512.4/110] | 在馆 | |
| 12 | 0473245 | 204732450 | 密集书库/ [索取号:I512.4/110] | 在馆 |